Artefactualidad animal (Record no. 192064)

MARC details
000 -CABECERA
campo de control de longitud fija 01495nab a2200265 ab4500
005 - FECHA Y HORA DE LA ÚLTIMA TRANSACCIÓN
campo de control 20251119133543.0
008 - ELEMENTOS DE LONGITUD FIJA--INFORMACIÓN GENERAL
campo de control de longitud fija 991125c2016 mx fr p 000 spa d
035 ## - NÚMERO DE CONTROL DEL SISTEMA
Número de control de sistema UPN01000219965
049 ## - COLECCIÓN
Colección ART
003 - IDENTIFICADOR DEL NÚMERO DE CONTROL
campo de control
040 ## - FUENTE DE LA CATALOGACIÓN
Centro catalogador/agencia de origen MX-MxUPN
Lengua de catalogación spa
Centro/agencia transcriptor MX-MxUPN
Normas de descripción aacr
100 1# - ASIENTO PRINCIPAL--NOMBRE PERSONAL
Nombre de persona Cuevas Badallo, Ana
245 10 - MENCIÓN DE TÍTULO
Título Artefactualidad animal
520 3# - NOTA DE RESUMEN, ETC.
Sumario, etc. Tradicionalmente, fabricar artefactos se ha considerado una habilidad exclusivamente humana. No obstante, es necesario reconsiderar la exclusividad de esta capacidad teniendo en cuenta los últimos avances en el ámbito de la investigación etológica. Para proporcionar una respuesta adecuada a la pregunta de si otros animales son capaces de crear y utilizar artefactos, necesitamos reexaminar las nociones de intencionalidad y artefacto, así como la definición en etología sobre el uso y fabricación de herramientas.
Fuente proveedora Ludus vitalis (traducción del resumen hecho con IA).
530 ## - NOTA DE FORMATO FÍSICO ADICIONAL DISPONIBLE
Nota de formato físico adicional disponible Disponible también en formato electrónico
653 0# - TERMINO DE INDIZACION - NO CONTROLADO
Término no controlado Etología
653 0# - TERMINO DE INDIZACION - NO CONTROLADO
Término no controlado Aprendizaje social
653 0# - TERMINO DE INDIZACION - NO CONTROLADO
Término no controlado Creacionea artefactuales animales
773 ## - ENLACE AL DOCUMENTO FUENTE/ENTRADA DE REGISTRO ANFITRIÓN
Parte(s) relacionada(s) Vol. 23, no. 45, (2016), p. 155-174
Título Ludus vitalis: revista de filosofía de las ciencias de la vida
Número Internacional Normalizado para Publicaciones Seriadas 1133-5165
856 4# - LOCALIZACIÓN Y ACCESO ELECTRÓNICOS
Identificador Uniforme del Recurso <a href="https://www.centrolombardo.edu.mx/ludus-vitalis-busqueda-avanzada/entry/3502/">https://www.centrolombardo.edu.mx/ludus-vitalis-busqueda-avanzada/entry/3502/</a>
856 4# - LOCALIZACIÓN Y ACCESO ELECTRÓNICOS
Identificador Uniforme del Recurso <a href="https://www.centrolombardo.edu.mx/wp-content/uploads/formidable/45/461-944-1-sm.pdf">https://www.centrolombardo.edu.mx/wp-content/uploads/formidable/45/461-944-1-sm.pdf</a>
902 ## - ELEMENTOS DE DATOS B LOCAL, LDB (RLIN)
u Leonor Sotres/191125
905 ## - TIPO DE MATERIAL
Tipo de material Articulo
942 ## - ELEMENTOS DE PUNTO DE ACCESO ADICIONAL (KOHA)
Tipo de ítem Koha Artículo Impreso
Holdings
Estado de retiro Estado de pérdida Estado dañado No para préstamo Código de colección Localización permanente Ubicación/localización actual Ubicación en estantería Fecha de adquisición Total de préstamos Fecha visto por última vez Identificador Uniforme del Recurso Precio válido a partir de Tipo de ítem Koha
      Disponible (Préstamo en sala) Revistas Bib. Gregorio Torres Quintero Bib. Gregorio Torres Quintero Hemeroteca Sótano 19/11/2025   19/11/2025 https://www.centrolombardo.edu.mx/wp-content/uploads/formidable/45/461-944-1-sm.pdf 19/11/2025 Artículo Impreso